Filosofía de la educación

Salvato in:
Dettagli Bibliografici
Autore principale: Pacios López, Arsenio (autor)
Natura: Libro
Lingua:spagnolo
Pubblicazione: Madrid Consejo Superior de Investigación Científicas Instituto "San José de Calasanz" de Pedagogía 1947
Soggetti:
Tags: Aggiungi Tag
Nessun Tag, puoi essere il primo ad aggiungerne!!

MARC

LEADER 00000nam a2200000 a 4500
001 UCY8164
003 CL-VaPUC
008 950623e19470000SP |||||||||||||||||spa|d
082 0 4 |a 370.1  |b PAC  |2 21 
100 |a Pacios López, Arsenio  |e autor  |9 339363 
245 1 0 |a Filosofía de la educación 
300 |a 334 p 
942 |c BK 
945 |d 19950623 00:00:00  |a lriquelm 
260 |a Madrid  |b Consejo Superior de Investigación Científicas Instituto "San José de Calasanz" de Pedagogía  |c 1947 
650 0 |a Filosofía de la educación   |9 258384 
650 0 |a Lógica  |9 256849 
650 0 |a Metafísica  |9 265649 
650 0 |a Ontología   |9 256850 
650 0 |a Teología   |9 258766 
650 0 |a Ética  |9 255099 
650 0 |a Filosofía   |9 223554 
583 |a last modification  |c 19950623 00:00:00  |k Rodrigo Vera 
999 |c 235442  |d 235440 
952 |0 0  |1 0  |4 0  |6 370_100000000000000_PAC_1947  |7 0  |8 P  |9 242866  |a BIBEDU  |b BIBEDU  |c BIBEDU_PB  |d 2019-11-18  |i 1518607  |o 370.1 PAC 1947  |p 1518607  |r 2024-01-25  |w 2019-11-18  |y BK  |k EDU